000 00629nam a2200253Ia 4500
005 20260121155135.0
008 008 260114s9999 xx 000 0 eng d
020 _a9780429025976
037 _aEBOOK
040 _aCRL
040 _beng
040 _cCRL
041 _2eng
041 _aeng
084 _qCRL
100 _a Sarah L‚onard; Christian Kaunert
_91015855
245 0 _aRefugees, Security and the European Union
260 _bTaylor and Francis
260 _c2020
856 _uhttp://www.taylorfrancis.com/books/9780429025976
942 _cEBOOK
999 _c1582674
_d1582674